[Event "Ayvalik Kiraz"]
[Site "Ayvalik"]
[Date "2023.10.21"]
[Round "7"]
[White "Dragojlovic, Andjelko"]
[Black "Maksimovic, Branimir"]
[Result "1/2-1/2"]
[WhiteElo "2108"]
[BlackElo "2142"]
[PlyCount "30"]
[EventDate "2023.10.19"]
[EventType "tourn"]
[EventRounds "9"]
[EventCountry "TUR"]
[SourceTitle "Mega2024 Update 01"]
[Source "Chessbase"]
[SourceDate "2023.11.12"]
[SourceVersion "1"]
[SourceVersionDate "2023.11.12"]
[SourceQuality "1"]

1. e4 e5 2. Nf3 Nc6 3. Bb5 a6 4. Ba4 Nf6 5. 0-0 b5 6. Bb3 Be7 7. Re1 0-0 8. c3 d6 9. h3 Bb7 10. d4 Re8 11. Ng5 Rf8 12. Nf3 Re8 13. Ng5 Rf8 14. Nf3 Re8 15. Ng5 Rf8 1/2-1/2

[Event "Ayvalik Kiraz"]
[Site "Ayvalik"]
[Date "2023.10.19"]
[Round "3"]
[White "Dragojlovic, Andjelko"]
[Black "Eken, Atakan"]
[Result "1/2-1/2"]
[WhiteElo "2108"]
[BlackElo "1863"]
[PlyCount "86"]
[EventDate "2023.10.19"]
[EventType "tourn"]
[EventRounds "9"]
[EventCountry "TUR"]
[SourceTitle "Mega2024 Update 01"]
[Source "Chessbase"]
[SourceDate "2023.11.12"]
[SourceVersion "1"]
[SourceVersionDate "2023.11.12"]
[SourceQuality "1"]

1. Nf3 Nf6 2. g3 d5 3. Bg2 g6 4. 0-0 Bg7 5. d4 0-0 6. c4 dxc4 7. Na3 c5 8. dxc5 Qc7 9. Qd4 Rd8 10. Bf4 Rxd4 11. Bxc7 Rd5 12. Bxb8 Rxb8 13. c6 Rc5 14. Rad1 Bg4 15. cxb7 Rxb7 16. Rd8+ Bf8 17. Rb1 Bf5 18. Nd4 Bxb1 19. Bxb7 Bxa2 20. Nc6 Kg7 21. Nxa7 Rc7 22. Rb8 c3 23. bxc3 Rxc3 24. N7b5 Rc1+ 25. Kg2 e6 26. Bf3 Bc5 27. Ra8 g5 28. g4 Nd5 29. e3 Bb3 30. Rb8 Ra1 31. Nd4 Bd1 32. Nac2 Bxc2 33. Nxc2 Ra2 34. Bxd5 Rxc2 35. Be4 Rc4 36. Bf3 Rc2 37. Rc8 Rc1 38. Rc6 Ba3 39. Ra6 Bc5 40. Be4 Rc4 41. Kf3 Be7 42. Ra7 Bd6 43. h3 h6 1/2-1/2

[Event "Ayvalik Kiraz"]
[Site "Ayvalik"]
[Date "2023.10.19"]
[Round "1"]
[White "Okus, Melih"]
[Black "Dragojlovic, Andjelko"]
[Result "1/2-1/2"]
[WhiteElo "1939"]
[BlackElo "2108"]
[PlyCount "117"]
[EventDate "2023.10.19"]
[EventType "tourn"]
[EventRounds "9"]
[EventCountry "TUR"]
[SourceTitle "Mega2024 Update 01"]
[Source "Chessbase"]
[SourceDate "2023.11.12"]
[SourceVersion "1"]
[SourceVersionDate "2023.11.12"]
[SourceQuality "1"]

1. e4 d6 2. d4 Nf6 3. Nc3 g6 4. f3 c6 5. Be3 Nbd7 6. Qd2 a6 7. 0-0-0 e5 8. dxe5 dxe5 9. g4 Qa5 10. g5 Nh5 11. Bh3 Qc7 12. Na4 Be7 13. Qc3 0-0 14. Bxd7 Bxd7 15. Nb6 Be6 16. Nxa8 Rxa8 17. Ne2 b5 18. Bc5 Bxg5+ 19. Kb1 Re8 20. Rhg1 Bf6 21. b3 a5 22. Bd6 Qa7 23. Qc5 Qa8 24. a3 a4 25. b4 Qc8 26. Kb2 Bc4 27. Ng3 Nf4 28. Nf5 Ne6 29. Qf2 Nd4 30. Nxd4 exd4 31. e5 Rxe5 32. Bxe5 Bxe5 33. Rge1 Bf6 34. Rxd4 c5 35. bxc5 Qxc5 36. c3 Kg7 37. Rd2 Qc6 38. Qe3 Be6 39. Rd4 h5 40. Rb4 Qd5 41. Ra1 Qd6 42. Qe2 Bc4 43. Rxc4 bxc4 44. Qc2 Qb6+ 45. Ka2 Qe3 46. Rc1 h4 47. Kb2 Qa7 48. Re1 Qb7+ 49. Ka2 Qxf3 50. Re4 h3 51. Rxc4 Qd5 52. Qxa4 Qg2+ 53. Kb3 Qxh2 54. Qd7 Qh1 55. Rc7 Qb1+ 56. Ka4 Qe4+ 57. Kb3 Qb1+ 58. Ka4 Qe4+ 59. Kb3 1/2-1/2

[Event "SRB-chT 2nd League"]
[Site "Vrnjacka Banja"]
[Date "2022.11.07"]
[Round "5.5"]
[White "Bojkovic, Slobodan"]
[Black "Dragojlovic, Andjelko"]
[Result "1-0"]
[WhiteElo "2127"]
[BlackElo "2043"]
[PlyCount "65"]
[EventDate "2022.11.04"]
[EventType "team-tourn"]
[EventRounds "11"]
[EventCountry "SRB"]
[SourceTitle "CBM 211 Extra"]
[Source "ChessBase"]
[SourceDate "2023.01.31"]
[SourceVersion "1"]
[SourceVersionDate "2023.01.31"]
[SourceQuality "1"]
[WhiteTeam "Krajisnik Krajina"]
[BlackTeam "Novi Sad Vojvodina"]
[WhiteTeamCountry "SRB"]
[BlackTeamCountry "SRB"]

1. e4 c5 2. Nf3 g6 3. h4 h5 4. Bc4 Nc6 5. a3 Bg7 6. d3 e6 7. Nc3 d6 8. Bg5 Nge7 9. Qd2 a6 10. 0-0 Nd4 11. Nxd4 cxd4 12. Ne2 Bd7 13. c3 b5 14. Ba2 dxc3 15. bxc3 0-0 16. d4 Kh7 17. Ng3 f6 18. Bf4 d5 19. Rfe1 dxe4 20. Rxe4 Nd5 21. Bd6 Rf7 22. Rae1 Rc8 23. Bc5 f5 24. Rxe6 Bxe6 25. Rxe6 Rd7 26. Qc2 Rxc5 27. Rxg6 Nxc3 28. Rg5 Qxg5 29. hxg5 Rxd4 30. Nxf5 Ne4 31. Qe2 Ng3 32. fxg3 Rg4 33. Nxg7 1-0

[Event "SRB-chT 2nd League"]
[Site "Vrnjacka Banja"]
[Date "2022.11.05"]
[Round "2.1"]
[White "Dragojlovic, Andjelko"]
[Black "Dekic, Josip"]
[Result "1-0"]
[WhiteElo "2043"]
[BlackElo "2242"]
[PlyCount "55"]
[EventDate "2022.11.04"]
[EventType "team-tourn"]
[EventRounds "11"]
[EventCountry "SRB"]
[SourceTitle "CBM 211 Extra"]
[Source "ChessBase"]
[SourceDate "2023.01.31"]
[SourceVersion "1"]
[SourceVersionDate "2023.01.31"]
[SourceQuality "1"]
[WhiteTeam "Novi Sad Vojvodina"]
[BlackTeam "Sombor"]
[WhiteTeamCountry "SRB"]
[BlackTeamCountry "SRB"]

1. Nf3 Nf6 2. g3 g6 3. Bg2 Bg7 4. 0-0 0-0 5. d4 d5 6. c4 c6 7. Nc3 dxc4 8. e4 a5 9. a4 Na6 10. Qe2 Be6 11. Rd1 Nb4 12. Ne5 Qb6 13. Nxc4 Qa6 14. b3 Rfd8 15. Bg5 h6 16. Bf4 g5 17. Be5 Rd7 18. h3 Rad8 19. Rd2 Ne8 20. Bxg7 Kxg7 21. d5 cxd5 22. exd5 Nxd5 23. Nxd5 Bxd5 24. Rxd5 Rxd5 25. Bxd5 Rxd5 26. Qxe7 Nf6 27. Re1 Qc6 28. Ne3 1-0

[Event "Novi Sad Vojvodina op 12th"]
[Site "Novi Sad"]
[Date "2022.07.30"]
[Round "8"]
[White "Dragojlovic, Andjelko"]
[Black "Kostic, Vladimir G"]
[Result "1/2-1/2"]
[WhiteElo "2023"]
[BlackElo "2189"]
[PlyCount "23"]
[EventDate "2022.07.24"]
[EventType "swiss"]
[EventRounds "9"]
[EventCountry "SRB"]
[SourceTitle "CBM 209 Extra"]
[Source "ChessBase"]
[SourceDate "2022.09.30"]
[SourceVersion "1"]
[SourceVersionDate "2022.09.30"]
[SourceQuality "1"]

1. e4 c6 2. Ne2 e5 3. d4 d6 4. dxe5 dxe5 5. Qxd8+ Kxd8 6. Nec3 Nf6 7. f3 Be6 8. Be3 Nbd7 9. Nd2 Kc7 10. Bc4 Bxc4 11. Nxc4 Bb4 12. Bd2 1/2-1/2

[Event "Vojvodina-chT 21st"]
[Site "Backa Palanka"]
[Date "2021.10.24"]
[Round "2.3"]
[White "Dragojlovic, Andjelko"]
[Black "Jesenski, Tibor"]
[Result "1/2-1/2"]
[WhiteElo "2130"]
[BlackElo "2336"]
[PlyCount "41"]
[EventDate "2021.10.23"]
[EventType "team-tourn"]
[EventRounds "11"]
[EventCountry "SRB"]
[SourceTitle "CBM 204 Extra"]
[Source "ChessBase"]
[SourceDate "2021.11.30"]
[SourceVersion "1"]
[SourceVersionDate "2021.11.30"]
[SourceQuality "1"]
[WhiteTeam "Novi Sad Vojvodina"]
[BlackTeam "Backa Pacir"]
[WhiteTeamCountry "SRB"]
[BlackTeamCountry "SRB"]

1. e4 d6 2. d4 Nf6 3. Nc3 g6 4. Be2 Bg7 5. Nf3 0-0 6. 0-0 Bg4 7. h3 Bxf3 8. Bxf3 Nc6 9. Ne2 Re8 10. c3 e5 11. d5 Ne7 12. c4 Nd7 13. g4 c6 14. dxc6 Nxc6 15. Be3 Nc5 16. Nc3 Ne6 17. Nd5 Ncd4 18. Bg2 Nc7 19. Rc1 Nxd5 20. exd5 Qb6 21. Qd2 1/2-1/2

[Event "Novi Sad TS Mix 200th"]
[Site "Novi Sad"]
[Date "2021.04.10"]
[Round "6"]
[White "Dragojlovic, Andjelko"]
[Black "Drazic, Sinisa"]
[Result "1/2-1/2"]
[WhiteElo "2259"]
[BlackElo "2366"]
[PlyCount "26"]
[EventDate "2021.04.07"]
[EventType "swiss"]
[EventRounds "10"]
[EventCountry "SRB"]
[SourceTitle "CBM 202 Extra"]
[Source "ChessBase"]
[SourceDate "2021.07.31"]
[SourceVersion "1"]
[SourceVersionDate "2021.07.31"]
[SourceQuality "1"]

1. e4 d6 2. d4 Nf6 3. Nc3 e5 4. Nf3 Nbd7 5. Bc4 Be7 6. 0-0 0-0 7. Re1 Nb6 8. Bf1 Nfd7 9. Be3 Bf6 10. a4 a5 11. dxe5 Nxe5 12. Bxb6 Nxf3+ 13. Qxf3 cxb6 1/2-1/2

[Event "Novi Sad TS Mix 200th"]
[Site "Novi Sad"]
[Date "2021.04.09"]
[Round "5"]
[White "Dragojlovic, Andjelko"]
[Black "Petrusic, Velimir"]
[Result "1-0"]
[WhiteElo "2259"]
[BlackElo "2110"]
[PlyCount "69"]
[EventDate "2021.04.07"]
[EventType "swiss"]
[EventRounds "10"]
[EventCountry "SRB"]
[SourceTitle "CBM 202 Extra"]
[Source "ChessBase"]
[SourceDate "2021.07.31"]
[SourceVersion "1"]
[SourceVersionDate "2021.07.31"]
[SourceQuality "1"]

1. e4 d5 2. exd5 Nf6 3. Bb5+ Nbd7 4. Nc3 a6 5. Ba4 b5 6. Bb3 Nc5 7. d4 Nxb3 8. axb3 Bb7 9. Nf3 Nxd5 10. 0-0 e6 11. Re1 Be7 12. Ne4 0-0 13. c3 a5 14. Qe2 Qe8 15. Ne5 Bd6 16. Nd3 a4 17. bxa4 Rxa4 18. Rxa4 bxa4 19. Ndc5 Bc6 20. c4 Nb6 21. Qc2 h6 22. Bd2 Qd8 23. Qc3 Qh4 24. g3 Qh3 25. f3 h5 26. Nd3 h4 27. Ndf2 Qf5 28. g4 Qg6 29. Ng5 Be7 30. Nfh3 Rd8 31. Ne4 f5 32. Nf4 Qf7 33. Nf2 fxg4 34. Nxg4 g5 35. Nh6+ 1-0

[Event "Novi Sad Put Svile Schev"]
[Site "Novi Sad"]
[Date "2021.??.??"]
[Round "7"]
[White "Dragojlovic, Andjelko"]
[Black "Varvaglione, Antonio"]
[Result "0-1"]
[WhiteElo "2251"]
[BlackElo "2116"]
[PlyCount "44"]
[EventDate "2021.07.20"]
[EventType "schev"]
[EventRounds "8"]
[EventCountry "SRB"]
[SourceTitle "EXT 2022"]
[Source "ChessBase"]
[SourceDate "2021.10.06"]
[SourceVersion "1"]
[SourceVersionDate "2021.10.06"]
[SourceQuality "1"]
[WhiteTeam "Theam A"]
[BlackTeam "Theam B"]
[WhiteTeamCountry "SRB"]
[BlackTeamCountry "SRB"]

1. d4 Nf6 2. c4 c5 3. d5 b5 4. cxb5 a6 5. b6 e6 6. Nc3 Nxd5 7. Nxd5 exd5 8. Qxd5 Nc6 9. Nf3 Rb8 10. e4 Be7 11. Bc4 0-0 12. 0-0 Rxb6 13. Qh5 d6 14. b3 Bf6 15. Ng5 Bxg5 16. Bxg5 Qe8 17. Rad1 Nd4 18. Be3 Nc2 19. Bf4 g6 20. Qe2 Nd4 21. Qb2 Qxe4 22. Be3 Bb7 0-1

[Event "Novi Sad TS Mix 143th"]
[Site "Novi Sad"]
[Date "2020.11.01"]
[Round "1"]
[White "Hart, Alexander E"]
[Black "Dragojlovic, Andjelko"]
[Result "1/2-1/2"]
[WhiteElo "1979"]
[BlackElo "2312"]
[PlyCount "22"]
[EventDate "2020.11.01"]
[EventType "swiss"]
[EventRounds "9"]
[EventCountry "SRB"]
[SourceTitle "CBM 199 Extra"]
[Source "ChessBase"]
[SourceDate "2021.01.31"]
[SourceVersion "1"]
[SourceVersionDate "2021.01.31"]
[SourceQuality "1"]

1. Nf3 g6 2. c4 c5 3. g3 Bg7 4. Bg2 Nf6 5. 0-0 0-0 6. Nc3 d5 7. cxd5 Nxd5 8. Qb3 Nc7 9. d3 Nc6 10. Be3 b6 11. Rfd1 e5 1/2-1/2

[Event "Vojvodina-chT 2nd League"]
[Site "Backa Palanka"]
[Date "2020.10.23"]
[Round "11.2"]
[White "Radlovacki, Jovan"]
[Black "Dragojlovic, Andjelko"]
[Result "1/2-1/2"]
[WhiteElo "2247"]
[BlackElo "2306"]
[PlyCount "26"]
[EventDate "2020.10.16"]
[EventType "team-tourn"]
[EventRounds "11"]
[EventCountry "SRB"]
[SourceTitle "EXT 2022"]
[Source "ChessBase"]
[SourceDate "2021.10.06"]
[SourceVersion "1"]
[SourceVersionDate "2021.10.06"]
[SourceQuality "1"]
[WhiteTeam "Starcevo Borac"]
[BlackTeam "Novi Sad Vojvodina"]
[WhiteTeamCountry "SRB"]
[BlackTeamCountry "SRB"]

1. e4 c5 2. Nf3 g6 3. c3 Bg7 4. d4 cxd4 5. cxd4 d5 6. exd5 Nf6 7. Nc3 Nxd5 8. Be2 0-0 9. 0-0 Nc6 10. h3 h6 11. Re1 e6 12. a3 b6 13. Bf1 Bb7 1/2-1/2

[Event "Vojvodina-chT 2nd League"]
[Site "Backa Palanka"]
[Date "2020.10.22"]
[Round "9.2"]
[White "Djordjevic, Vuk D"]
[Black "Dragojlovic, Andjelko"]
[Result "0-1"]
[WhiteElo "2347"]
[BlackElo "2306"]
[PlyCount "120"]
[EventDate "2020.10.16"]
[EventType "team-tourn"]
[EventRounds "11"]
[EventCountry "SRB"]
[SourceTitle "EXT 2022"]
[Source "ChessBase"]
[SourceDate "2021.10.06"]
[SourceVersion "1"]
[SourceVersionDate "2021.10.06"]
[SourceQuality "1"]
[WhiteTeam "Sombor"]
[BlackTeam "Novi Sad Vojvodina"]
[WhiteTeamCountry "SRB"]
[BlackTeamCountry "SRB"]

1. d4 g6 2. e4 Bg7 3. Nf3 c6 4. c4 d5 5. cxd5 cxd5 6. e5 a6 7. h3 Nc6 8. Nc3 f6 9. Bf4 fxe5 10. dxe5 e6 11. Bd3 Nge7 12. 0-0 0-0 13. Qd2 Bd7 14. Rfe1 Rc8 15. Rac1 b5 16. Ne2 Qb6 17. Ng3 a5 18. Be3 Qb8 19. Bc5 Rxf3 20. gxf3 Bxe5 21. Kg2 Bf4 22. Be3 Bd6 23. Bc5 Bf4 24. Be3 Bd6 25. Qe2 Ne5 26. Rxc8+ Nxc8 27. Bd4 Nf7 28. Qc2 Ne7 29. Bc5 e5 30. Rc1 Ng5 31. h4 Ne6 32. Bxd6 Qxd6 33. Ne2 b4 34. Qd2 Kg7 35. h5 gxh5 36. Rh1 Ng6 37. Ng3 Nef4+ 38. Kg1 h4 39. Bxg6 hxg3 40. Bb1 gxf2+ 41. Qxf2 h5 42. Qh4 Qf6 43. Qxf6+ Kxf6 44. Kf2 Bf5 45. b3 Bxb1 46. Rxb1 h4 47. a3 d4 48. axb4 axb4 49. Ra1 h3 50. Rg1 Kf5 51. Rg7 Nd3+ 52. Kg3 Nc5 53. Rf7+ Ke6 54. Rh7 Kd5 55. Rxh3 Nxb3 56. Kf2 Nc5 57. Ke2 b3 58. Kd2 Kc4 59. Rh1 Na4 60. Rg1 Nc3 0-1

[Event "Vojvodina-chT 2nd League"]
[Site "Backa Palanka"]
[Date "2020.10.20"]
[Round "6.2"]
[White "Dragojlovic, Andjelko"]
[Black "Pajcin, Lav"]
[Result "1/2-1/2"]
[WhiteElo "2306"]
[BlackElo "2134"]
[PlyCount "80"]
[EventDate "2020.10.16"]
[EventType "team-tourn"]
[EventRounds "11"]
[EventCountry "SRB"]
[SourceTitle "EXT 2022"]
[Source "ChessBase"]
[SourceDate "2021.10.06"]
[SourceVersion "1"]
[SourceVersionDate "2021.10.06"]
[SourceQuality "1"]
[WhiteTeam "Novi Sad Vojvodina"]
[BlackTeam "Petrovaradin Kraljica"]
[WhiteTeamCountry "SRB"]
[BlackTeamCountry "SRB"]

1. Nf3 c5 2. c4 Nf6 3. g3 b6 4. Bg2 Bb7 5. 0-0 e6 6. Nc3 Be7 7. b3 0-0 8. Bb2 d5 9. cxd5 Nxd5 10. Qc2 Nc6 11. Rac1 Rc8 12. Qb1 Nxc3 13. dxc3 Bf6 14. Rcd1 Qe7 15. Nd2 Qc7 16. Ne4 Be7 17. c4 Rcd8 18. Qa1 f5 19. Nd2 Nd4 20. Bxd4 Rxd4 21. Bxb7 Qxb7 22. Nf3 Rxd1 23. Rxd1 Bf6 24. Qb1 Rd8 25. Rxd8+ Bxd8 26. Qd3 Bf6 27. Qd6 Kf7 28. h4 Qe7 29. Qc6 Qe8 30. Qb7+ Qe7 31. Qa8 Qd7 32. e4 fxe4 33. Qxe4 Kg8 34. Kg2 Qe7 35. Qc6 Kf7 36. Nd2 h6 37. Ne4 Be5 38. a4 Qc7 39. Qa8 Qb8 40. Qxb8 Bxb8 1/2-1/2

[Event "Vojvodina-chT 2nd League"]
[Site "Backa Palanka"]
[Date "2020.10.19"]
[Round "5.2"]
[White "Tancik, Kristijan"]
[Black "Dragojlovic, Andjelko"]
[Result "1-0"]
[WhiteElo "2279"]
[BlackElo "2306"]
[PlyCount "53"]
[EventDate "2020.10.16"]
[EventType "team-tourn"]
[EventRounds "11"]
[EventCountry "SRB"]
[SourceTitle "EXT 2022"]
[Source "ChessBase"]
[SourceDate "2021.10.06"]
[SourceVersion "1"]
[SourceVersionDate "2021.10.06"]
[SourceQuality "1"]
[WhiteTeam "Backa Pacir"]
[BlackTeam "Novi Sad Vojvodina"]
[WhiteTeamCountry "SRB"]
[BlackTeamCountry "SRB"]

1. d4 g6 2. e4 Bg7 3. Nf3 c6 4. c4 d5 5. cxd5 cxd5 6. e5 Nc6 7. h3 f6 8. Bb5 Nh6 9. 0-0 0-0 10. Re1 Nf7 11. exf6 Bxf6 12. Nc3 Qb6 13. Bxc6 bxc6 14. Na4 Qc7 15. Qe2 Bf5 16. Nc5 Rfe8 17. g4 Bc8 18. Ne5 Nxe5 19. dxe5 Bg7 20. f4 Rb8 21. Be3 g5 22. Rac1 gxf4 23. Bxf4 Rb4 24. Qd2 Qb6 25. b3 Rf8 26. Rf1 Re4 27. Kh1 1-0

[Event "Vojvodina-chT 2nd League"]
[Site "Backa Palanka"]
[Date "2020.10.17"]
[Round "2.2"]
[White "Stankovic, Milos"]
[Black "Dragojlovic, Andjelko"]
[Result "1/2-1/2"]
[WhiteElo "2455"]
[BlackElo "2306"]
[PlyCount "85"]
[EventDate "2020.10.16"]
[EventType "team-tourn"]
[EventRounds "11"]
[EventCountry "SRB"]
[SourceTitle "EXT 2022"]
[Source "ChessBase"]
[SourceDate "2021.10.06"]
[SourceVersion "1"]
[SourceVersionDate "2021.10.06"]
[SourceQuality "1"]
[WhiteTeam "Pancevo Gligoric"]
[BlackTeam "Novi Sad Vojvodina"]
[WhiteTeamCountry "SRB"]
[BlackTeamCountry "SRB"]

1. d4 Nf6 2. Nc3 g6 3. e4 d6 4. Be3 c6 5. Qd2 Nbd7 6. Nf3 Qa5 7. Bd3 Bg7 8. Bh6 0-0 9. 0-0 Re8 10. Rfe1 e5 11. dxe5 dxe5 12. h3 Qc5 13. Ne2 Qf8 14. Bxg7 Kxg7 15. Ng3 h6 16. Rad1 a5 17. a3 Qc5 18. b4 axb4 19. axb4 Qe7 20. Ra1 Rxa1 21. Rxa1 Qd6 22. Qc3 b5 23. Be2 Bb7 24. Rd1 Qe7 25. h4 h5 26. Ng5 Nf8 27. Qb3 Bc8 28. Qc3 Bb7 29. Qb2 N6h7 30. Nf3 Nf6 31. c4 bxc4 32. Bxc4 Ng4 33. Ng5 f6 34. Nf7 Bc8 35. Qd2 Be6 36. Nd6 Ra8 37. Bxe6 Qxe6 38. f3 Nh6 39. Qc3 Nf7 40. Nxf7 Kxf7 41. Rc1 Rb8 42. Ra1 Qe7 43. Qxc6 1/2-1/2

[Event "Vojvodina-chT 2nd League"]
[Site "Backa Palanka"]
[Date "2020.10.16"]
[Round "1.2"]
[White "Dragojlovic, Andjelko"]
[Black "Perisic, Radivoj"]
[Result "1/2-1/2"]
[WhiteElo "2306"]
[BlackElo "2228"]
[PlyCount "104"]
[EventDate "2020.10.16"]
[EventType "team-tourn"]
[EventRounds "11"]
[EventCountry "SRB"]
[SourceTitle "EXT 2022"]
[Source "ChessBase"]
[SourceDate "2021.10.06"]
[SourceVersion "1"]
[SourceVersionDate "2021.10.06"]
[SourceQuality "1"]
[WhiteTeam "Novi Sad Vojvodina"]
[BlackTeam "Krajisnik Krajina"]
[WhiteTeamCountry "SRB"]
[BlackTeamCountry "SRB"]

1. e4 c5 2. Nf3 e6 3. g3 Nf6 4. e5 Nd5 5. c4 Ne7 6. Bg2 Nbc6 7. 0-0 Nf5 8. Re1 Be7 9. h4 Qc7 10. Nc3 a6 11. Nd5 exd5 12. cxd5 Nxe5 13. Rxe5 d6 14. Re4 0-0 15. d4 Nxd4 16. Nxd4 cxd4 17. Bg5 Bxg5 18. hxg5 d3 19. Qxd3 Bf5 20. Rc4 Qd7 21. Qa3 Rac8 22. Rac1 Qe7 23. Rxc8 Rxc8 24. Rxc8+ Bxc8 25. Qc3 Bf5 26. f4 Bg4 27. Qd2 g6 28. Kf2 Qc7 29. Be4 Qc4 30. Bg2 Qxa2 31. Qb4 b5 32. Qxd6 Qxb2+ 33. Kg1 Qd4+ 34. Kh2 b4 35. Bh3 Qb2+ 36. Bg2 Qd4 37. Bh3 Qb2+ 38. Bg2 Kg7 39. Qxa6 b3 40. Qb6 Qc3 41. Be4 b2 42. Qf2 Bf3 43. Bb1 Bxd5 44. g4 Kg8 45. f5 Qe5+ 46. Qg3 Qe2+ 47. Kg1 Qd1+ 48. Kf2 Qd2+ 49. Kg1 Qd4+ 50. Kh2 Qd2+ 51. Kg1 Qd1+ 52. Kf2 Qd2+ 1/2-1/2

[Event "Vojvodina-chT"]
[Site "Kovacica"]
[Date "2019.11.07"]
[Round "10.3"]
[White "Vidic, Stevan"]
[Black "Dragojlovic, Andjelko"]
[Result "1/2-1/2"]
[WhiteElo "2267"]
[BlackElo "2277"]
[PlyCount "71"]
[EventDate "2019.11.01"]
[EventType "team-tourn"]
[EventRounds "11"]
[EventCountry "SRB"]
[SourceTitle "CBM 192 Extra"]
[Source "Chessbase"]
[SourceDate "2019.11.06"]
[SourceVersion "1"]
[SourceVersionDate "2019.11.06"]
[SourceQuality "1"]
[WhiteTeam "Backa Pacir"]
[BlackTeam "Novi Sad Vojvodina"]
[WhiteTeamCountry "SRB"]
[BlackTeamCountry "SRB"]

1. d4 Nf6 2. Nf3 g6 3. g3 Bg7 4. Bg2 0-0 5. 0-0 d5 6. b3 c6 7. Bb2 a5 8. a3 Bf5 9. Nbd2 a4 10. Ne5 Nbd7 11. Ndf3 Qb6 12. b4 Rfd8 13. e3 Be4 14. Qe2 Nxe5 15. Nxe5 Bxg2 16. Kxg2 Ne4 17. Nf3 Qb5 18. Qd3 Rac8 19. Rac1 Nd6 20. Nd2 Nc4 21. Nxc4 dxc4 22. Qe4 c5 23. c3 cxd4 24. cxd4 e6 25. Bc3 Rd5 26. Kg1 Qd7 27. f4 b5 28. Rc2 Qc6 29. Qg2 h5 30. h3 Rdd8 31. Qxc6 Rxc6 32. Rd2 Rcd6 33. Rfd1 f6 34. e4 f5 35. e5 Rd5 36. h4 1/2-1/2